000 00700nam a22002177a 4500
999 _c6024
_d6024
003 AR-CdUCM
008 190313b ||||| |||| 00| 0 spa d
040 _aMUNICIPALIDAD PROVINCIAL DEL CUSCO
_cBIBLIOTECA MUNICIPAL DEL CUSCO
082 _23ed.
_a869.33 /
_bL23
100 _aLatorre, Mariano
_917599
245 _aOn panta /
260 _aSantiago de Chile :
_bEdiciones Ercilla,
_c1943.
300 _a171 páginas ;
_c17 cm.
500 _aDonación de la familia Nieto.
650 _aNarrativa - Chile
_917600
650 _aAutores chilenos
_95827
650 _aCuentos chilenos - Siglo XX
_917601
650 _aCuentos costumbristas - Chile
_917602
942 _2ddc
_cLIBROS
945 _alccs